000 01374nam a2200277 i 4500
001 128117
003 ES-MaACL
005 20250409134826.0
007 t|
008 070214q1931 sp |||| | spa d
100 1 _aRocamora Batllé, Rómulo.
_998026
245 1 0 _aEspaña y el nacionalismo separatista en Cataluña ;
_bDos estudios jurídicos ; La época heroica del esperanto y del esperantismo y sus efectos en la literatura universal /
_cRómulo S. Rocamora.
246 3 _aDos estudios jurídicos
260 _aBarcelona :
_b[s.n.],
_c[1931?] (
_fTip. Olympia)
300 _a92 p. ;
_c19 cm.
505 8 _aCódigos, leyes y administración de justicia ; El ejercicio de la abogacía (degradación de funciones) ; La traducción de "Faust", de Goethe, al esperanto ; Evolución y significación de la leyenda de "Faust" ; Valor de la obra y de la traducción
530 _aDisponible en formato digital.
630 0 4 _aFausto.
_9135290
650 4 _aNacionalismo-
_xCataluña.
_915442
650 4 _aEsperanto.
_912494
740 3 2 _aLa época heroica del esperanto y del esperantismo y sus efectos en la literatura universal.
852 4 _aES-MaACL
_j1716-F-16
_cDEPOF
_zRevisado enlace: 09 de Abril de 2025
_9132823
856 4 _uhttps://hdl.handle.net/11013/6240
_yFederación Española de Esperanto
942 _2udc
999 _c128117
_d128117